Investigation of influence of electromagnetic field on electrochemical behaviour of heavy metal ions in the presence of butanol; Bulletin of the Tomsk Polytechnic University; Vol. 310, № 1

Detalles Bibliográficos
Parent link:Bulletin of the Tomsk Polytechnic University/ Tomsk Polytechnic University (TPU).— , 2006-2007
Vol. 310, № 1.— 2007.— [P. 110-115]
Autor Principal: Stas I. Е.
Outros autores: Ivinina Т. S.
Summary:Заглавие с титульного листа
Электронная версия печатной публикации
By the method of inversion voltamperometry the action of high-frequency electromagnetic field of radio-frequiency bandwidth on current of anode peak Zn(II), Cd(II) and Pb(II) in the presence of butanol, molecules of which are adsorbed on the electron surface decreasing its free surface has been studied. As a result of the field influence on electrode-electrolyte system removing of electrode processes inhibition is shown to take place, it is conditioned by desorbtion of adsorbate molecules from electron surface. Desorbing action of high-frequency current is proved by measuring degree of electrode filling with butanol molecules and Frumkin's adsorbtion equation parameters.
Idioma:inglés
Publicado: 2007
Series:Chemistry
Subjects:
Acceso en liña:http://www.lib.tpu.ru/fulltext/v/Bulletin_TPU/2007/v310eng/i1/28.pdf
Formato: MixedMaterials Electrónico Capítulo de libro
KOHA link:https://koha.lib.tpu.ru/cgi-bin/koha/opac-detail.pl?biblionumber=180654

MARC

LEADER 00000nla2a2200000 4500
001 180654
005 20231031170835.0
035 |a (RuTPU)RU\TPU\book\195831 
035 |a RU\TPU\book\195830 
090 |a 180654 
100 |a 20100522d2007 k y0rusy50 ca 
101 1 |a eng  |c rus 
102 |a RU 
135 |a drnn ---uucaa 
200 1 |a Investigation of influence of electromagnetic field on electrochemical behaviour of heavy metal ions in the presence of butanol  |b Electronic resource  |f I. Е. Stas, Т. S. Ivinina 
203 |a Text  |c electronic 
215 |a 1 файл (691 Кб) 
225 1 |a Chemistry 
230 |a Электронные текстовые данные (1 файл : 691 Кб) 
300 |a Заглавие с титульного листа 
300 |a Электронная версия печатной публикации 
320 |a [Bibliography: p. 115 (22 titles)] 
330 |a By the method of inversion voltamperometry the action of high-frequency electromagnetic field of radio-frequiency bandwidth on current of anode peak Zn(II), Cd(II) and Pb(II) in the presence of butanol, molecules of which are adsorbed on the electron surface decreasing its free surface has been studied. As a result of the field influence on electrode-electrolyte system removing of electrode processes inhibition is shown to take place, it is conditioned by desorbtion of adsorbate molecules from electron surface. Desorbing action of high-frequency current is proved by measuring degree of electrode filling with butanol molecules and Frumkin's adsorbtion equation parameters. 
337 |a Adobe Reader 
461 1 |0 (RuTPU)RU\TPU\book\169973  |t Bulletin of the Tomsk Polytechnic University  |f Tomsk Polytechnic University (TPU)  |d 2006-2007 
463 1 |0 (RuTPU)RU\TPU\book\195457  |t Vol. 310, № 1  |v [P. 110-115]  |d 2007  |p 201 p. 
610 1 |a investigations 
610 1 |a electromagnetic fields 
610 1 |a ions 
610 1 |a electrochemical behaviour 
610 1 |a heavy metals 
610 1 |a butanol 
610 1 |a inversion voltamperometry 
610 1 |a radio-frequiency bandwidth 
610 1 |a current 
610 1 |a anode peaks 
610 1 |a molecules 
610 1 |a surfaces 
610 1 |a electrons 
610 1 |a inhibition 
610 1 |a electrode processes 
610 1 |a desorbtion 
610 1 |a adsorbates 
610 1 |a parameters 
610 1 |a Frumkin's adsorbtion 
610 1 |a электронный ресурс 
700 1 |a Stas  |b I. Е. 
701 1 |a Ivinina  |b Т. S. 
801 1 |a RU  |b 63413507  |c 20090623  |g PSBO 
801 2 |a RU  |b 63413507  |c 20150506  |g PSBO 
856 4 |u http://www.lib.tpu.ru/fulltext/v/Bulletin_TPU/2007/v310eng/i1/28.pdf 
942 |c CF